[Event "2BLO 2324 SK München Südost - SC Bavar"]
[Site "?"]
[Date "2024.02.03"]
[Round "5.6"]
[White "Xiong, Ferdinand"]
[Black "Kleibel, Uwe"]
[Result "0-1"]
[WhiteElo "2222"]
[BlackElo "2302"]
[PlyCount "118"]
[EventDate "2024.??.??"]

1. e4 e5 2. Nf3 Nf6 3. Nxe5 Nxe4 4. Qe2 Qe7 5. Qxe4 d6 6. d4 dxe5 7. Qxe5 Qxe5+ 8. dxe5 Nc6 9. Bb5 Bd7 10. Bxc6 Bxc6 11. O-O O-O-O 12. Be3 Bb4 13. a3 Ba5 14. Bxa7 Rhe8 15. b4 Bb6 16. Bxb6 cxb6 17. Nc3 Rxe5 18. Rad1 b5 19. Rxd8+ Kxd8 20. Rd1+ Kc7 21. Kf1 g5 22. f3 h6 23. Kf2 Rf5 24. Rd4 Re5 25. Rd3 Rf5 26. Ne2 Bd7 27. Nd4 Re5 28. c3 Re8 29. Re3 Ra8 30. Re7 Kd6 31. Rxf7 Rxa3 32. Rf6+ Ke5 33. Rxh6 Rxc3 34. Ne2 Rb3 35. Rg6 Rxb4 36. Rxg5+ Kf6 37. Rd5 Bc6 38. Rd2 Rb1 39. Ke3 b4 40. Kd4 Be8 41. Ng3 Bf7 42. Ne4+ Ke7 43. Ke5 Rc1 44. Rd4 Bc4 45. Nf6 Re1+ 46. Re4 Rxe4+ 47. Nxe4 b3 48. Nd2 b2 49. Kd4 Ba2 50. Kc5 Kd7 51. Kb6 Kd6 52. h4 Kd5 53. h5 Kd4 54. h6 Bg8 55. Nb1 Bh7 56. Na3 Kc3 57. Kc5 b6+ 58. Kb5 Bd3+ 59. Kxb6 Kb4 0-1

[Event "2BLO 2324 SK München Südost - SC Bavar"]
[Site "?"]
[Date "2024.02.03"]
[Round "5.7"]
[White "Lerch, Johannes"]
[Black "Kostic, Vladimir G"]
[Result "1/2-1/2"]
[WhiteElo "2264"]
[BlackElo "2171"]
[PlyCount "145"]
[EventDate "2024.??.??"]

1. Nf3 Nf6 2. c4 d6 3. g3 g6 4. Bg2 Bg7 5. O-O O-O 6. Nc3 e5 7. d3 c6 8. Qc2 Re8 9. Ne4 Nxe4 10. dxe4 c5 11. Rd1 Nc6 12. Qd2 Qb6 13. e3 h6 14. Qc2 Bf8 15. b3 Be6 16. Bb2 Qc7 17. Nh4 Be7 18. f4 Bg4 19. Rf1 Bxh4 20. gxh4 Qe7 21. Qf2 Bh5 22. Qg3 f6 23. Rf2 Rf8 24. Kh1 Kg7 25. Bc3 a6 26. Bf3 Bxf3+ 27. Qxf3 exf4 28. exf4 Rae8 29. Re1 Nd4 30. Bxd4 cxd4 31. Rd2 f5 32. Rxd4 Qxh4 33. Qg3 Qxg3 34. hxg3 Rf6 35. c5 dxc5 36. Rd7+ Kg8 37. e5 Rf7 38. Rd6 Kg7 39. Red1 Ree7 40. Kg2 Rc7 41. Rc1 Rc8 42. Kf3 h5 43. Ke3 Kh6 44. a4 Rfc7 45. Kd3 b5 46. a5 Rc6 47. Rxc6 Rxc6 48. b4 c4+ 49. Kd4 Kg7 50. Kd5 Rc8 51. Rc3 Kf7 52. Kd6 Rd8+ 53. Kc6 Re8 54. Kd7 g5 55. Kd6 gxf4 56. gxf4 h4 57. Rh3 Re6+ 58. Kc5 Rh6 59. Kd5 Rh8 60. Kc6 Ke7 61. Kb6 Rh6+ 62. Ka7 Kd8 63. Kb8 Rh7 64. e6 Ke8 65. Kc8 Rh6 66. Kb7 Rxe6 67. Rxh4 Rf6 68. Rh8+ Ke7 69. Rh7+ Kd8 70. Rh8+ Kd7 71. Rh7+ Kd8 72. Rh8+ Kd7 73. Rh7+ 1/2-1/2

[Event "2BLO 2324 SK München Südost - SC Bavar"]
[Site "?"]
[Date "2024.02.03"]
[Round "5.8"]
[White "Vogel, Robert"]
[Black "Oberhofer, Cedric"]
[Result "0-1"]
[WhiteElo "2108"]
[BlackElo "2282"]
[PlyCount "70"]
[EventDate "2024.??.??"]

1. d4 Nf6 2. c4 g6 3. Nc3 d5 4. Nf3 Bg7 5. Bf4 O-O 6. Rc1 dxc4 7. e4 c5 8. dxc5 Qa5 9. e5 Nfd7 10. Bxc4 Nxc5 11. O-O Be6 12. Nd5 Nc6 13. a3 Bxd5 14. Bxd5 Ne6 15. Bxe6 fxe6 16. Bg3 Qd5 17. Qe2 Rad8 18. Rfd1 Qb3 19. Rxd8 Rxd8 20. h3 Bh6 21. Rc3 Qd1+ 22. Qxd1 Rxd1+ 23. Kh2 Rd5 24. Rc4 a5 25. h4 Rb5 26. Rc2 Kf7 27. Kg1 Ke8 28. Kf1 Kd7 29. Ke1 Rd5 30. Ke2 b5 31. Rc3 a4 32. b3 b4 33. axb4 a3 34. b5 a2 35. bxc6+ Kc7 {0-} 0-1

[Event "2BLO 2324 Erfurter SK - Münchener Schac"]
[Site "?"]
[Date "2024.02.03"]
[Round "5.1"]
[White "Predke, Alexandr"]
[Black "Weishaeutel, Moritz"]
[Result "1-0"]
[WhiteElo "2666"]
[BlackElo "2380"]
[PlyCount "61"]
[EventDate "2024.??.??"]

1. c4 e6 2. Nc3 d5 3. d4 c5 4. e3 Nf6 5. Nf3 Nc6 6. a3 a6 7. dxc5 Bxc5 8. b4 Bd6 9. cxd5 exd5 10. Be2 O-O 11. Bb2 Be6 12. Rc1 Rc8 13. O-O Qe7 14. Na4 Ne4 15. Nb6 Rcd8 16. Qc2 Rfe8 17. Nc4 Bb8 18. Na5 Nxa5 19. bxa5 Bg4 20. Qd3 Qd6 21. g3 Qh6 22. Nh4 Bh3 23. Ng2 Re6 24. Qxd5 Ree8 25. Qxb7 Rd6 26. Be5 Rd2 27. Bc4 Ng5 28. Bf4 Rd7 29. Bxg5 Qxg5 30. Qxa6 Ra7 31. Qb5 1-0

[Event "2BLO 2324 Erfurter SK - Münchener Schac"]
[Site "?"]
[Date "2024.02.03"]
[Round "5.2"]
[White "Votava, Jan"]
[Black "Saric, Ivan"]
[Result "1/2-1/2"]
[WhiteElo "2437"]
[BlackElo "2680"]
[PlyCount "69"]
[EventDate "2024.??.??"]

1. d4 Nf6 2. c4 g6 3. Nf3 Bg7 4. g3 d5 5. Bg2 dxc4 6. O-O O-O 7. Na3 c3 8. bxc3 c5 9. Bb2 Nc6 10. e3 Bf5 11. Qe2 Rc8 12. Rfd1 cxd4 13. cxd4 Be4 14. Bh3 e6 15. Nd2 Nb4 16. Nxe4 Nxe4 17. Bg2 Nd6 18. Qd2 Nd5 19. Rac1 Qd7 20. Rxc8 Rxc8 21. Rc1 b5 22. Bf1 a6 23. Rxc8+ Qxc8 24. Qc2 Qd7 25. Nb1 a5 26. Nd2 Nb4 27. Qb1 Qc7 28. Ba3 Qc3 29. Bxb4 axb4 30. Ne4 Nxe4 31. Qxe4 b3 32. axb3 Qxb3 33. Qd3 Qxd3 34. Bxd3 b4 35. Bc4 1/2-1/2

[Event "2BLO 2324 Erfurter SK - Münchener Schac"]
[Site "?"]
[Date "2024.02.03"]
[Round "5.3"]
[White "Costa, Leonardo"]
[Black "Enders, Peter"]
[Result "1-0"]
[WhiteElo "2476"]
[BlackElo "2389"]
[PlyCount "47"]
[EventDate "2024.??.??"]

1. e4 e6 2. d4 d5 3. e5 c5 4. c3 Nc6 5. Nf3 Bd7 6. Be2 Nge7 7. Na3 Ng6 8. h4 cxd4 9. cxd4 Bxa3 10. bxa3 h6 11. h5 Nge7 12. Rb1 Na5 13. Bd3 Bc6 14. Nd2 Nc4 15. Qg4 Kf8 16. Rh3 Kg8 17. Rg3 Qf8 18. Qf4 Re8 19. Kf1 Nf5 20. Bxf5 exf5 21. Nf3 Rh7 22. Nh4 b6 23. Nxf5 Re6 24. Rbb3 1-0

[Event "2BLO 2324 Erfurter SK - Münchener Schac"]
[Site "?"]
[Date "2024.02.03"]
[Round "5.4"]
[White "Voekler, Bernd"]
[Black "Froewis, Georg"]
[Result "1/2-1/2"]
[WhiteElo "2322"]
[BlackElo "2449"]
[PlyCount "189"]
[EventDate "2024.??.??"]

1. e4 e6 2. d4 d5 3. Nc3 Bb4 4. exd5 exd5 5. a3 Bxc3+ 6. bxc3 Ne7 7. Nf3 O-O 8. Bd3 Bf5 9. O-O Nbc6 10. a4 Re8 11. Bg5 f6 12. Bf4 Qd7 13. h3 Bxd3 14. Qxd3 Na5 15. Nd2 Qc6 16. Rfb1 Nc4 17. a5 b5 18. a6 Ng6 19. Bg3 Nxd2 20. Qxd2 Rab8 21. Qd3 Rb6 22. Ra5 Reb8 23. Re1 Qd7 24. Rb1 Nf8 25. Re1 Kf7 26. Kh2 g6 27. Kg1 Ne6 28. Rb1 Qc6 29. Rb3 Ng5 30. Bf4 Ne6 31. Bg3 Ng7 32. Rb1 Nh5 33. Bh2 Qd7 34. Kf1 Ng7 35. Bf4 Ne6 36. Bg3 b4 37. cxb4 Rxb4 38. Rxb4 Rxb4 39. c3 Ra4 40. Rxa4 Qxa4 41. Kg1 c6 42. Bd6 Qb5 43. Qxb5 cxb5 44. Bb8 Ke8 45. Kf1 Kd7 46. Bxa7 Nc7 47. Bc5 Nxa6 48. Bf8 Nb8 49. Ke2 Nc6 50. Kd3 Ke6 51. Ba3 Kf5 52. Bd6 h5 53. g3 Nd8 54. Bf4 Nf7 55. Bc1 Nd6 56. f3 Nf7 57. g4+ Ke6 58. Bf4 Nd8 59. Kc2 Nc6 60. Kb3 Kd7 61. Bh6 Kc7 62. Bg7 f5 63. Kc2 Nd8 64. Be5+ Kc6 65. Kd3 Ne6 66. gxf5 gxf5 67. Ke3 Kb6 68. Bd6 Ka5 69. h4 Ka4 70. Kd3 Kb3 71. Be5 Kb2 72. Kd2 Nf8 73. Bf6 Nd7 74. Bd8 Nb8 75. Bc7 Nc6 76. Bb6 Ne7 77. Bd8 Ng6 78. Bg5 Nf8 79. Bf6 Ne6 80. Be5 Kb3 81. Kd3 Nd8 82. Bc7 Nc6 83. Bb6 Kb2 84. Kd2 Ne7 85. Bd8 Ng6 86. Bg5 Ka3 87. Ke3 Ka2 88. Ke2 Ka1 89. Ke1 Nf8 90. Bf6 Ne6 91. Be5 Nd8 92. Bc7 Nc6 93. Bb6 Kb1 94. Kd1 Kb2 95. Kd2 1/2-1/2

[Event "2BLO 2324 Erfurter SK - Münchener Schac"]
[Site "?"]
[Date "2024.02.03"]
[Round "5.5"]
[White "Radovanovic, Nikola"]
[Black "Casper, Thomas"]
[Result "1-0"]
[WhiteElo "2429"]
[BlackElo "2352"]
[PlyCount "49"]
[EventDate "2024.??.??"]

1. e4 e6 2. d4 d5 3. e5 c5 4. c3 Nc6 5. Nf3 Bd7 6. Be2 f6 7. O-O fxe5 8. Nxe5 Nxe5 9. dxe5 Qc7 10. Re1 O-O-O 11. Bf1 Ne7 12. a4 Nc6 13. Na3 a6 14. b4 cxb4 15. Nb5 axb5 16. axb5 bxc3 17. Be3 Nb8 18. Qd4 b6 19. Qxb6 Qxb6 20. Bxb6 Be8 21. Rec1 d4 22. Ra4 Rd5 23. Bxd4 Bxb5 24. Rxc3+ Kd8 25. Ra8 1-0

[Event "2BLO 2324 Erfurter SK - Münchener Schac"]
[Site "?"]
[Date "2024.02.03"]
[Round "5.6"]
[White "Troyke, Christian"]
[Black "Ciolek, Andreas"]
[Result "1/2-1/2"]
[WhiteElo "2309"]
[BlackElo "2301"]
[PlyCount "69"]
[EventDate "2024.??.??"]

1. g3 d5 2. Bg2 Nf6 3. c4 e6 4. Nf3 dxc4 5. Na3 c5 6. Nxc4 Nc6 7. O-O Be7 8. b3 O-O 9. Bb2 Nd5 10. Rc1 b6 11. d4 cxd4 12. Nxd4 Nxd4 13. Qxd4 Bf6 14. Qd2 Bxb2 15. Qxb2 Bb7 16. Rfd1 Qe7 17. e4 Nb4 18. Nd6 Rad8 19. Nxb7 Qxb7 20. e5 Qa6 21. Rxd8 Rxd8 22. Bf1 Qxa2 23. Qxa2 Nxa2 24. Rc7 Nb4 25. Rxa7 Nc6 26. Rb7 Rb8 27. Rxb8+ Nxb8 28. Bb5 Kf8 29. f4 Ke7 30. Kf2 f6 31. Ke3 fxe5 32. fxe5 Nd7 33. Kd4 Kd8 34. Bc4 Ke7 35. Bb5 1/2-1/2

[Event "2BLO 2324 Erfurter SK - Münchener Schac"]
[Site "?"]
[Date "2024.02.03"]
[Round "5.7"]
[White "Hennig, Dirk"]
[Black "Brueggemann, Joachim"]
[Result "1-0"]
[WhiteElo "2388"]
[BlackElo "2277"]
[PlyCount "111"]
[EventDate "2024.??.??"]

1. d4 Nf6 2. Nf3 e6 3. c4 Bb4+ 4. Nbd2 a5 5. a3 Bxd2+ 6. Qxd2 d6 7. b3 Qe7 8. Bb2 Nbd7 9. Qc3 O-O 10. g3 Re8 11. Bg2 e5 12. dxe5 dxe5 13. O-O h6 14. Rad1 c6 15. Ne1 Nf8 16. e4 Ng6 17. Nc2 Nd7 18. f4 f6 19. f5 Nh8 20. a4 Nc5 21. Ba3 b6 22. Qe3 Nf7 23. Bf3 Rd8 24. Bh5 Bd7 25. Bxf7+ Qxf7 26. Bxc5 bxc5 27. Qxc5 Rdb8 28. Rd3 Be8 29. Ne3 Rb7 30. Rc1 Qh5 31. Nf1 Qe2 32. Qe3 Qb2 33. Rcc3 Rab8 34. g4 Kh7 35. Nd2 Rd7 36. Rxd7 Bxd7 37. Rd3 Rb7 38. h4 Qc2 39. Nf3 g5 40. hxg5 hxg5 41. Qd2 Qb1+ 42. Qd1 Qxd1+ 43. Rxd1 Kg7 44. Rd3 Kf7 45. Nd2 Ke7 46. c5 Rb4 47. Kf2 Be8 48. Ke2 Bf7 49. Kd1 Rb8 50. Kc2 Rh8 51. Rd6 Rh4 52. Rxc6 Rxg4 53. Rc7+ Kf8 54. c6 Rh4 55. Rc8+ Ke7 56. c7 1-0

[Event "2BLO 2324 Erfurter SK - Münchener Schac"]
[Site "?"]
[Date "2024.02.03"]
[Round "5.8"]
[White "Engers, Felix"]
[Black "Tsakonas, Konstantinos"]
[Result "0-1"]
[WhiteElo "2206"]
[BlackElo "1739"]
[PlyCount "124"]
[EventDate "2024.??.??"]

1. c4 Nf6 2. Nf3 e6 3. Nc3 Bb4 4. Qc2 d6 5. a3 Bxc3 6. Qxc3 Qe7 7. d4 Nbd7 8. b4 Ne4 9. Qc2 f5 10. g3 a5 11. Rb1 axb4 12. axb4 O-O 13. Bg2 Ndf6 14. O-O c6 15. Ne1 d5 16. c5 Ne8 17. Nd3 Nc7 18. f3 Nf6 19. Bf4 Nb5 20. Qd2 Bd7 21. Ra1 Rfc8 22. Be5 Ne8 23. Nb2 Na3 24. Qd3 Nb5 25. Na4 Nec7 26. Nb6 Rxa1 27. Rxa1 Re8 28. Ra5 Na6 29. Qb3 Nbc7 30. Bf1 Na8 31. Na4 N8c7 32. e3 Qd8 33. Nb6 Qe7 34. Qa4 Rd8 35. f4 Qe8 36. Be2 Qe7 37. Bxc7 Nxc7 38. Ra7 Rb8 39. Qa5 Qd8 40. Na4 Qc8 41. Kf2 Be8 42. Bd3 Kf7 43. Ba6 Nxa6 44. Qxa6 Kf6 45. Qa5 h6 46. Nb2 Bh5 47. Nd3 Qe8 48. Qc7 Bd1 49. Qe5+ Kg6 50. b5 Kh7 51. Kg1 Bc2 52. Nb4 Be4 53. g4 Qg6 54. h3 fxg4 55. h4 g3 56. Ra1 Qg4 57. Kf1 Qf3+ 58. Ke1 g2 59. Kd2 Qf2+ 60. Kc3 Qxe3+ 61. Kb2 Re8 62. bxc6 bxc6 0-1

[Event "2BLO 2324 Nickelhütte Aue - SC Erlangen"]
[Site "?"]
[Date "2024.02.03"]
[Round "5.1"]
[White "Mons, Leon"]
[Black "Fodor, Tamas Jr"]
[Result "0-1"]
[WhiteElo "2503"]
[BlackElo "2477"]
[PlyCount "104"]
[EventDate "2024.??.??"]

1. c4 c6 2. Nf3 d5 3. g3 Bg4 4. Ne5 Be6 5. d4 dxc4 6. e4 b5 7. Bg2 f6 8. Nf3 Bg4 9. O-O e5 10. a4 Nd7 11. h3 Bh5 12. axb5 cxb5 13. Nc3 a6 14. g4 Bg6 15. Qe2 Ne7 16. Rd1 Nc6 17. dxe5 fxe5 18. Ng5 Qc8 19. Nd5 Nd8 20. f4 Bc5+ 21. Be3 O-O 22. f5 Bf7 23. Kh1 Qb7 24. f6 gxf6 25. Nxf6+ Nxf6 26. Bxc5 Re8 27. Qf2 Nd7 28. Qf5 Nf8 29. Bxf8 Bg6 30. Qf6 Rxf8 31. Qxe5 Nf7 32. Nxf7 Qxf7 33. Qd6 Rae8 34. e5 Qe7 35. Rxa6 Qxe5 36. Qxe5 Rxe5 37. Rd2 Bd3 38. Rb6 Kg7 39. Bc6 Rf6 40. Rb7+ Kg6 41. Bg2 Rfe6 42. h4 Re1+ 43. Kh2 R1e2 44. Rxe2 Rxe2 45. Rb6+ Kg7 46. Rb7+ Kf8 47. Rb8+ Kf7 48. Rb7+ Ke6 49. Rb6+ Kd7 50. Kg3 Rxb2 51. Bc6+ Kd6 52. Rxb5 Rb3 0-1

[Event "2BLO 2324 Nickelhütte Aue - SC Erlangen"]
[Site "?"]
[Date "2024.02.03"]
[Round "5.2"]
[White "Slobodjan, Roman"]
[Black "Miller, Eduard"]
[Result "1-0"]
[WhiteElo "2449"]
[BlackElo "2353"]
[PlyCount "95"]
[EventDate "2024.??.??"]

1. e4 c6 2. d3 d5 3. Nd2 e5 4. Ngf3 Bd6 5. g3 Nf6 6. Bg2 O-O 7. O-O Re8 8. a3 dxe4 9. dxe4 b5 10. Nh4 Bf8 11. Nb3 Qc7 12. Bg5 Nfd7 13. Nf5 Nb6 14. Qf3 Nc4 15. Rfb1 Be6 16. a4 f6 17. Bc1 Nd7 18. Nd2 Nd6 19. Bh3 Nxf5 20. Bxf5 Bf7 21. Nf1 b4 22. Ne3 a5 23. Bh3 Rad8 24. Bf1 Nb6 25. b3 Be6 26. Bb2 c5 27. c4 Nd7 28. Nd5 Qc8 29. Rd1 Nb8 30. Qe3 Nc6 31. Nb6 Qb7 32. Rxd8 Rxd8 33. Nd5 Nd4 34. Bxd4 exd4 35. Qf3 Bd6 36. Bd3 Qf7 37. Re1 Rf8 38. Qg2 Qh5 39. f4 g5 40. e5 fxe5 41. fxe5 Bh3 42. Qd2 Bxe5 43. Rxe5 h6 44. Ne7+ Kh8 45. Rxc5 Rf7 46. Be2 Qg4 47. Rc8+ Kg7 48. Rg8+ 1-0

[Event "2BLO 2324 Nickelhütte Aue - SC Erlangen"]
[Site "?"]
[Date "2024.02.03"]
[Round "5.3"]
[White "Klek, Hanna Marie"]
[Black "Rogozenco, Dorian"]
[Result "1/2-1/2"]
[WhiteElo "2279"]
[BlackElo "2419"]
[PlyCount "71"]
[EventDate "2024.??.??"]

1. e4 c5 2. Nf3 e6 3. d4 cxd4 4. Nxd4 Nf6 5. Nc3 Nc6 6. Nxc6 bxc6 7. e5 Nd5 8. Ne4 c5 9. c4 Nb4 10. Be3 Qa5 11. Nc3 Bb7 12. Qd2 Be7 13. O-O-O Rd8 14. a3 Nc6 15. Bg5 Nd4 16. Kb1 Bxg5 17. Qxg5 O-O 18. Bd3 Rb8 19. Qh4 h6 20. Rhe1 Bc6 21. Nb5 Nxb5 22. cxb5 Bxb5 23. Bc2 Qb6 24. b3 Bc6 25. Re3 Qd8 26. Qc4 f5 27. g4 Be4 28. Rxe4 fxe4 29. Qxe4 Rxf2 30. Qh7+ Kf8 31. g5 hxg5 32. Qh8+ Kf7 33. Qh5+ Kf8 34. Qh8+ Kf7 35. Qh5+ Kf8 36. Qh8+ 1/2-1/2

[Event "2BLO 2324 Nickelhütte Aue - SC Erlangen"]
[Site "?"]
[Date "2024.02.03"]
[Round "5.4"]
[White "Pulpan, Jakub"]
[Black "Mijovic, Stefan"]
[Result "1-0"]
[WhiteElo "2382"]
[BlackElo "2386"]
[PlyCount "91"]
[EventDate "2024.??.??"]

1. e4 c5 2. Nf3 e6 3. d4 cxd4 4. Nxd4 Nf6 5. Nc3 d6 6. g4 h6 7. h4 Nc6 8. Rg1 d5 9. exd5 Nxd5 10. Nxd5 Qxd5 11. Bg2 Qe5+ 12. Be3 Bd7 13. Nxc6 Bxc6 14. Bxc6+ bxc6 15. Qd4 Qxd4 16. Bxd4 c5 17. Be3 Be7 18. O-O-O Rd8 19. h5 Rd7 20. c4 a6 21. Kc2 Kd8 22. a3 Rxd1 23. Rxd1+ Kc7 24. Bd2 Kc6 25. b4 Rb8 26. Rb1 Rb7 27. Bc3 f6 28. Kd3 Bd6 29. Ke4 cxb4 30. axb4 Rf7 31. Ra1 Kb7 32. Kd3 Bc7 33. Re1 Re7 34. c5 Kc6 35. Kc4 Bb8 36. Ra1 Kb7 37. b5 axb5+ 38. Kxb5 Rc7 39. Ba5 Rf7 40. c6+ Kc8 41. Rd1 Bc7 42. Bxc7 Kxc7 43. Ra1 Kb8 44. Kb6 f5 45. gxf5 exf5 46. Re1 1-0

[Event "2BLO 2324 Nickelhütte Aue - SC Erlangen"]
[Site "?"]
[Date "2024.02.03"]
[Round "5.5"]
[White "Schulz, Lukas"]
[Black "Langrock, Hannes"]
[Result "1/2-1/2"]
[WhiteElo "2306"]
[BlackElo "2367"]
[PlyCount "52"]
[EventDate "2024.??.??"]

1. e4 c6 2. Nc3 d5 3. g3 dxe4 4. Nxe4 Nf6 5. Bg2 Nxe4 6. Bxe4 e5 7. Bg2 Bc5 8. d3 O-O 9. Qe2 Bf5 10. Nf3 Nd7 11. O-O Re8 12. Nd2 Nf6 13. Ne4 Nxe4 14. Bxe4 Qd7 15. Be3 Bxe4 16. dxe4 Bxe3 17. Qxe3 Red8 18. Qb3 h5 19. Rfe1 Qe7 20. Rad1 g6 21. Kg2 Kg7 22. a3 Kg8 23. Qc3 Rac8 24. Qe3 a6 25. Qf3 Rxd1 26. Rxd1 Rd8 1/2-1/2

[Event "2BLO 2324 Nickelhütte Aue - SC Erlangen"]
[Site "?"]
[Date "2024.02.03"]
[Round "5.6"]
[White "Spiess, Gunter"]
[Black "Ott, Florian"]
[Result "1/2-1/2"]
[WhiteElo "2344"]
[BlackElo "2291"]
[PlyCount "45"]
[EventDate "2024.??.??"]

1. d4 Nf6 2. c4 e6 3. Nf3 b6 4. g3 Ba6 5. Qc2 Bb4+ 6. Bd2 Bxd2+ 7. Nbxd2 d5 8. cxd5 exd5 9. e3 Bxf1 10. Kxf1 Nfd7 11. Rc1 c6 12. b4 Qf6 13. Kg2 O-O 14. Qb3 Qe6 15. Rhe1 h6 16. a4 Nf6 17. Ne5 Rc8 18. e4 Nbd7 19. exd5 Qxd5+ 20. Qxd5 cxd5 21. Nc6 Kf8 22. Ne5 Nxe5 23. dxe5 1/2-1/2

[Event "2BLO 2324 Nickelhütte Aue - SC Erlangen"]
[Site "?"]
[Date "2024.02.03"]
[Round "5.7"]
[White "Hilverda, Alexander"]
[Black "Wichmann, Cliff"]
[Result "1-0"]
[WhiteElo "2234"]
[BlackElo "2286"]
[PlyCount "91"]
[EventDate "2024.??.??"]

1. d4 Nf6 2. c4 e6 3. g3 d5 4. Nf3 Be7 5. Bg2 O-O 6. O-O dxc4 7. Qc2 b6 8. Bg5 Nd5 9. Bxe7 Qxe7 10. Nbd2 Nd7 11. Nxc4 Bb7 12. Rfe1 c5 13. e4 Nb4 14. Qb3 cxd4 15. Nxd4 Qc5 16. a3 Qxd4 17. axb4 Ne5 18. Nxe5 Qxe5 19. Red1 a6 20. f4 Qb5 21. Rd6 Rad8 22. Bf1 Qh5 23. Qd1 Qxd1 24. Raxd1 Rxd6 25. Rxd6 Bxe4 26. Rxb6 Rc8 27. Bxa6 Rc1+ 28. Kf2 f5 29. b5 Rh1 30. h4 Rh2+ 31. Ke3 Rxb2 32. Rxe6 Kf7 33. Re5 Rb3+ 34. Kd4 Kg6 35. g4 Rf3 36. h5+ Kf7 37. gxf5 Bb1 38. b6 Rxf4+ 39. Kc5 Be4 40. Bc4+ Kf6 41. Kd6 Bb7 42. Rc5 Rd4+ 43. Kc7 Be4 44. Bb5 Ke7 45. Re5+ Kf6 46. Rxe4 1-0

[Event "2BLO 2324 Nickelhütte Aue - SC Erlangen"]
[Site "?"]
[Date "2024.02.03"]
[Round "5.8"]
[White "Eichner, Sebastian"]
[Black "Willim, Michael"]
[Result "1-0"]
[WhiteElo "2299"]
[BlackElo "2155"]
[PlyCount "75"]
[EventDate "2024.??.??"]

1. e4 e6 2. d4 d5 3. Nc3 Bb4 4. exd5 exd5 5. Bd3 Nc6 6. a3 Ba5 7. Nge2 Nge7 8. O-O O-O 9. Na4 Bf5 10. Nc5 Rb8 11. Bg5 Qd6 12. Ng3 Bg6 13. c3 Bb6 14. b4 h6 15. Bd2 Bxc5 16. bxc5 Qf6 17. Qc2 b6 18. cxb6 axb6 19. f4 Nxd4 20. Qb1 Bxd3 21. Qxd3 Nb3 22. Rae1 Nxd2 23. Qxd2 Ra8 24. f5 Rfe8 25. Nh5 Qg5 26. Qxg5 hxg5 27. f6 Ng6 28. Rxe8+ Rxe8 29. fxg7 Re6 30. g3 Ne7 31. Rd1 f5 32. h3 c6 33. Rb1 c5 34. a4 Kf7 35. a5 bxa5 36. Rb8 Rg6 37. Ra8 g4 38. Rf8+ 1-0

[Event "2BLO 2324 SV Deggendorf - SK München SÃ"]
[Site "?"]
[Date "2024.02.04"]
[Round "6.1"]
[White "Marcelin, Cyril"]
[Black "Narayanan S L"]
[Result "0-1"]
[WhiteElo "2450"]
[BlackElo "2694"]
[PlyCount "150"]
[EventDate "2024.??.??"]

1. d4 Nf6 2. Nf3 d5 3. e3 c5 4. Nbd2 cxd4 5. exd4 Nc6 6. c3 Bf5 7. Be2 h6 8. O-O e6 9. Re1 Bd6 10. Nf1 O-O 11. Ng3 Bh7 12. Bd3 Bxd3 13. Qxd3 Qc7 14. Qe2 Rae8 15. Bd2 a6 16. Qd3 b5 17. Re2 Na5 18. b3 Bf4 19. Ne5 Bxd2 20. Qxd2 Rc8 21. Rc1 Nb7 22. Qf4 Nd6 23. Rec2 Qe7 24. Nd3 a5 25. Nc5 Nb7 26. Nxb7 Qxb7 27. Qe3 Rc6 28. Ne2 Rfc8 29. Nf4 R8c7 30. Nd3 Nd7 31. Qd2 Qc8 32. Nf4 b4 33. Ne2 Nf6 34. f3 Ne8 35. Qd3 Nd6 36. Kf2 h5 37. g3 g6 38. Kg2 Nf5 39. Kf2 Kg7 40. Ke1 Qb8 41. c4 Re7 42. Kf2 h4 43. c5 hxg3+ 44. hxg3 e5 45. dxe5 Qxe5 46. f4 Qf6 47. Rd2 Rec7 48. Qxd5 Qe7 49. Qe5+ Qxe5 50. fxe5 Rxc5 51. Rxc5 Rxc5 52. Nf4 Rxe5 53. Rd5 Kf6 54. Kf3 Rxd5 55. Nxd5+ Ke5 56. Nb6 Nd6 57. Ke3 f5 58. Nd7+ Kd5 59. Nb6+ Ke5 60. Nd7+ Ke6 61. Nb6 g5 62. Kd4 g4 63. Ke3 Ne4 64. Kf4 Nc3 65. Nc4 Ne2+ 66. Ke3 Nxg3 67. Nxa5 Kd5 68. Nc4 Nh5 69. a3 f4+ 70. Kf2 bxa3 71. Nxa3 Ke4 72. Nc4 g3+ 73. Kg2 f3+ 74. Kh3 g2 75. Kh2 Nf4 0-1

[Event "2BLO 2324 SV Deggendorf - SK München SÃ"]
[Site "?"]
[Date "2024.02.04"]
[Round "6.3"]
[White "Hoefelsauer, Thomas"]
[Black "Bogosavljevic, Boban"]
[Result "0-1"]
[WhiteElo "2331"]
[BlackElo "2464"]
[PlyCount "94"]
[EventDate "2024.??.??"]

1. d4 Nf6 2. Nf3 e6 3. Bf4 b6 4. e3 Bb7 5. Bd3 c5 6. c3 Be7 7. h3 O-O 8. O-O cxd4 9. cxd4 d6 10. Nc3 Nbd7 11. Bh2 a6 12. a4 Ra7 13. Nd2 d5 14. Qb1 Bb4 15. Rc1 Qe7 16. Nf3 Rc8 17. Na2 Raa8 18. Rxc8+ Rxc8 19. Qf1 a5 20. Rc1 Rxc1 21. Qxc1 Bd6 22. Bxd6 Qxd6 23. Bb5 g6 24. Qc2 Kg7 25. Nc1 Nb8 26. Ne5 Na6 27. Bxa6 Bxa6 28. Qc6 Qxc6 29. Nxc6 Ne4 30. Ne5 Bc8 31. f3 Nd6 32. Kf2 f6 33. Ned3 g5 34. g4 Kf7 35. b3 Ke7 36. h4 gxh4 37. Kg2 Nf7 38. f4 e5 39. Nf2 exf4 40. exf4 Nd8 41. f5 h5 42. Kh3 hxg4+ 43. Kxh4 Bxf5 44. Nxg4 Ne6 45. Ne3 Be4 46. Ne2 Kd6 47. Kg3 f5 0-1

[Event "2BLO 2324 SV Deggendorf - SK München SÃ"]
[Site "?"]
[Date "2024.02.04"]
[Round "6.4"]
[White "Sedlak, Nikola"]
[Black "Huber, Benedikt"]
[Result "1-0"]
[WhiteElo "2461"]
[BlackElo "2262"]
[PlyCount "97"]
[EventDate "2024.??.??"]

1. d4 d5 2. Nf3 Nf6 3. c3 e6 4. Bg5 Be7 5. e3 Nbd7 6. Nbd2 O-O 7. Bd3 b6 8. Ne5 Nxe5 9. dxe5 Nd7 10. Bxe7 Qxe7 11. f4 f6 12. Qh5 g6 13. Qh4 a5 14. O-O-O Ba6 15. Bxa6 Rxa6 16. e4 b5 17. exf6 Qxf6 18. Qxf6 Nxf6 19. exd5 exd5 20. Rhe1 b4 21. Kc2 Rc6 22. Nf3 bxc3 23. bxc3 Ne4 24. Re3 Rc5 25. g3 Rb8 26. Nd2 Rcb5 27. Nxe4 dxe4 28. Rxe4 Rb2+ 29. Kd3 Rd8+ 30. Rd4 Rxd4+ 31. cxd4 Rxa2 32. Rc1 Rxh2 33. Rxc7 Rg2 34. d5 Rxg3+ 35. Ke4 Rg1 36. d6 Rd1 37. Ke5 Kf8 38. Rxh7 a4 39. Ra7 Ra1 40. Ra8+ Kf7 41. d7 Re1+ 42. Kd6 Rd1+ 43. Kc6 Rc1+ 44. Kb5 Rb1+ 45. Ka5 Rd1 46. d8=Q Rxd8 47. Rxd8 a3 48. Kb4 a2 49. Ra8 1-0

[Event "2BLO 2324 SV Deggendorf - SK München SÃ"]
[Site "?"]
[Date "2024.02.04"]
[Round "6.5"]
[White "Lohvinov, Petro"]
[Black "Stojanovic, Dalibor"]
[Result "1/2-1/2"]
[WhiteElo "2193"]
[BlackElo "2457"]
[PlyCount "62"]
[EventDate "2024.??.??"]

1. e4 c5 2. Nf3 Nc6 3. d4 cxd4 4. Nxd4 g6 5. c4 Nf6 6. Nc3 Nxd4 7. Qxd4 d6 8. Be3 Bg7 9. f3 O-O 10. Qd2 a5 11. Na4 Nd7 12. Rd1 b6 13. Be2 Bb7 14. O-O Bc6 15. Nc3 Nc5 16. b3 Qc7 17. Nd5 Qb7 18. Qc2 Rfc8 19. Kh1 e6 20. Nc3 Qe7 21. Qd2 Rd8 22. Bg5 f6 23. Bf4 Rd7 24. Rfe1 f5 25. exf5 gxf5 26. Bf1 Qf6 27. Nb5 Bxb5 28. cxb5 d5 29. Be5 Qg6 30. Qd4 Rad8 31. a3 Rd6 1/2-1/2

[Event "2BLO 2324 SV Deggendorf - SK München SÃ"]
[Site "?"]
[Date "2024.02.04"]
[Round "6.6"]
[White "Popovic, Dusan"]
[Black "Xiong, Ferdinand"]
[Result "1-0"]
[WhiteElo "2504"]
[BlackElo "2222"]
[PlyCount "41"]
[EventDate "2024.??.??"]

1. d4 Nf6 2. Nf3 g6 3. Nbd2 d5 4. b4 Bg7 5. e3 a5 6. b5 c5 7. bxc6 Nxc6 8. a4 O-O 9. Bb5 Bf5 10. c3 Ne4 11. Nxe4 dxe4 12. Nd2 e5 13. Ba3 Qg5 14. g4 exd4 15. cxd4 Rfd8 16. Bxc6 bxc6 17. gxf5 Qg2 18. Rf1 gxf5 19. Qh5 f4 20. O-O-O Rd5 21. Qh4 1-0

[Event "2BLO 2324 SV Deggendorf - SK München SÃ"]
[Site "?"]
[Date "2024.02.04"]
[Round "6.7"]
[White "Kostic, Vladimir G"]
[Black "Petrov, Martin"]
[Result "0-1"]
[WhiteElo "2171"]
[BlackElo "2514"]
[PlyCount "56"]
[EventDate "2024.??.??"]

1. e4 c5 2. Nf3 d6 3. d4 cxd4 4. Nxd4 Nf6 5. Nc3 a6 6. Be2 e5 7. Nb3 Be7 8. O-O O-O 9. Be3 Be6 10. Nd5 Nbd7 11. Nxe7+ Qxe7 12. Bf3 Rac8 13. Re1 Rfd8 14. h3 h6 15. Qd2 Nf8 16. Bb6 Rd7 17. Ba5 Ng6 18. c3 d5 19. exd5 Nxd5 20. Bxd5 Rxd5 21. Qe3 Nf4 22. Kh2 Qd7 23. Qg3 Rc6 24. Qf3 Nd3 25. Re2 b6 26. c4 Rxc4 27. Bxb6 f5 28. Rd2 e4 0-1